Sports Quiz

Random Sports or NFL Quiz
Score 0/32 Timer 00:30
54 Plays Today
Division Team % Correct
AFC EastBuffalo Bills
87.7%
AFC EastMiami Dolphins
87.7%
AFC EastNew England Patriots
87.7%
AFC EastNew York Jets
87.6%
NFC WestArizona Cardinals
86.9%
NFC WestLos Angeles Rams
86.9%
NFC WestSan Francisco 49ers
86.8%
NFC WestSeattle Seahawks
86.8%
NFC EastDallas Cowboys
84.6%
NFC EastNew York Giants
84.6%
NFC EastPhiladelphia Eagles
84.6%
NFC EastWashington Redskins
84.6%
NFC NorthChicago Bears
83.2%
NFC NorthDetroit Lions
83.2%
NFC NorthGreen Bay Packers
83.2%
NFC NorthMinnesota Vikings
83.2%
Division Team % Correct
NFC SouthAtlanta Falcons
77.3%
NFC SouthCarolina Panthers
77.3%
NFC SouthNew Orleans Saints
77.3%
NFC SouthTampa Bay Buccaneers
77.3%
AFC WestDenver Broncos
77.1%
AFC WestKansas City Chiefs
77.1%
AFC WestLos Angeles Chargers
77.1%
AFC WestLas Vegas Raiders
77.1%
AFC NorthBaltimore Ravens
74.3%
AFC NorthCincinnati Bengals
74.3%
AFC NorthCleveland Browns
74.3%
AFC NorthPittsburgh Steelers
74.3%
AFC SouthHouston Texans
72.7%
AFC SouthIndianapolis Colts
72.7%
AFC SouthJacksonville Jaguars
72.7%
AFC SouthTennessee Titans
72.7%

You're not logged in!

Compare scores with friends on all Sporcle quizzes.
OR
Log In

Sporcle TV

Today on Sporcle TV


Watch our educational content, quiz creation guides, and fun videos on Sporcle TV.

Show Comments

Extras

Top Quizzes Today


Score Distribution

Paid Content

Your Account Isn't Verified!

In order to create a playlist on Sporcle, you need to verify the email address you used during registration. Go to your Sporcle Settings to finish the process.

Report this User

Report this user for behavior that violates our Community Guidelines.

Details: